000 00650cam a2200205 4500500
005 20260329005425.0
041 _afre
042 _adc
100 1 0 _ade Oliveira, Victorine
_eauthor
245 0 0 _aPascal Bruckner : “Kierkegaard s’est transformé en fiancé éternel”
260 _c2023.
500 _a29
690 _aÉternité
690 _aKierkegaard
690 _aMariage
690 _aPascal Bruckner
690 _aSéduction
786 0 _nPhilosophie magazine | 171 | 8 | 2023-07-01 | p. 44-44 | 1951-1787
856 4 1 _uhttps://shs.cairn.info/magazine-philosophie-magazine-2023-8-page-44?lang=fr&redirect-ssocas=7080
999 _c1843260
_d1843260